The Gaits of a Horse - Statistics

General Stats
  • This quiz has been taken 120 times
  • The average score is 5 of 12
Answer Stats
Hint Answer % Correct
Natural Gaits Gallop
99%
Natural Gaits Trot
99%
Natural Gaits Walk
98%
Natural Gaits Canter
96%
Ambling Gaits Tölt
26%
Ambling Gaits Pace
19%
Ambling Gaits Fox trot
14%
Ambling Gaits Rack
13%
Ambling Gaits Running walk
13%
Natural Gaits Back
11%
Ambling Gaits Slow gait
8%
Ambling Gaits Revaal
4%
No matching quizzes found
Score Distribution
Percent of People with Each Score
Percentile by Number Answered
Your Score History
You have not taken this quiz